The trace-element content of fertilizers /

Guardado en:
Autor Principal: Swaine, D. J.
Autor Corporativo: Commonwealth Agricultural Bureaux.
Formato: Libro
Idioma:English
Publicado: Farnham Royal : Commonwealth Agricultural Bureau, 1962.
Series:Commonwealth Bureau of Soil Science, Harpenden, England. Technical communication ; no. 52.
Materias:
Etiquetas: Agregar Etiqueta
Sin Etiquetas, Sea el primero en etiquetar este registro!
LEADER 00741nam a22001815a 4500
001 EEA.libagro002011
008 130809s1962####xxk###########000#0#eng#d
005 20220420132117.0
245 1 4 |a The trace-element content of fertilizers /  |c by D.J. Swaine. 
260 |a Farnham Royal :  |b Commonwealth Agricultural Bureau,  |c 1962. 
300 |a xiii, 306 p. ;  |c 25 cm. 
490 1 |a Technical communication (Commonwealth Bureau of Soils) ;  |v nº 52 
100 1 |a Swaine, D. J.  |q (Dalway John) 
710 2 |a Commonwealth Agricultural Bureaux. 
830 0 |a Commonwealth Bureau of Soil Science, Harpenden, England. Technical communication ; no. 52. 
082 0 4 |a 631.8 
650 7 |a Ciencia del suelo  |2 agrovoc 
859 |a AR-BbBCA  |b BIB. AGRONOMIA  |h 631.8  |i S971  |p 1965/0071